00580nam a2200193Ia 4500001000900000003000500009005001700014008004100031010001100072040000900083082002100092100002100113245007900134260006500213300001600278504002800294650003900322650002500361dia_2079CHAP20230329140359.0220117s1970 xx 000 0 und d a172617 cCHAP a636.085 B38 1970 aBateman, John V. aNutrición animal : manual de métodos analíticos /c John V. Bateman aMéxico :b OEA, Centro Regional de Ayuda Técnica,c1970 axvi, 468 p. aIncluye bibliografías aAlimento para animalesxAnálisis aNutrición animal